Značka v segmente energetických nápojov
Smery a trendy značiek nealkoholických nápojov v segmente energetických nápojov. Marketingový mix a typy najčastejšie uplatňovaných stratégií na úrovni produktovej, cenovej, distribučnej a komunikačnej politiky.
Uložené v:
| Hlavný autor: | |
|---|---|
| Médium: | Kapitola |
| Jazyk: | Slovak |
| Predmet: | |
| Tagy: |
Žiadne tagy, Buďte prvý, kto otaguje tento záznam!
|
MARC
| LEADER | 00000nla a2200000 4500 | ||
|---|---|---|---|
| 001 | 0180378 | ||
| 005 | 20240502073054.7 | ||
| 041 | 0 | |a slo | |
| 044 | |a SK | ||
| 245 | 1 | 0 | |a Značka v segmente energetických nápojov |c Zuzana Lukačovičová |
| 520 | |a Smery a trendy značiek nealkoholických nápojov v segmente energetických nápojov. Marketingový mix a typy najčastejšie uplatňovaných stratégií na úrovni produktovej, cenovej, distribučnej a komunikačnej politiky. | ||
| 610 | 2 | 0 | |a marketing |
| 610 | 2 | 0 | |a stratégia marketingová |
| 610 | 2 | 0 | |a nástroje marketingové |
| 610 | 2 | 0 | |a marketing mix |
| 610 | 2 | 0 | |a značky výrobné |
| 610 | 2 | 0 | |a nápoje nealkoholické |
| 100 | 1 | |a Lukačovičová, Zuzana | |